000 00909nam a2200217 i 4500
001 162747
003 ES-MaACL
005 20250721193132.0
008 021015s1881 sp |||| | spa d
040 _aCCPB | B
_bspa
_cCCPB | B
100 1 _aPulido, Ángel,
_d1852-1932
_9149324
245 1 0 _aConflictos entre la frenopatía y el Código
_b: carta dirigida al Dr. Esquerdo y perteneciente a la obra, en prensa, del autor titulada Cerebro, su textura, sus fenómenos, sus extravíos /
_cÁngel Pulido.
260 _aMadrid :
_b[s.n.],
_c1881 (
_fImp. Central a cargo de V. Saiz)
300 _a37 p. ;
_c22 cm.
530 _aDisponible en formato digital.
650 7 _aEnfermedades mentales
_2embne
_912263
650 4 _aPsicosis.
_9146480
852 _aES-MaACL
_jFol-Laf-232
856 _uhttp://bdh-rd.bne.es/viewer.vm?id=0000206117&page=1
_zBiblioteca Digital Hispánica
999 _c162747
_d162747